000 01621nac a22003371i 4500
003 EG-ScBUE
005 20231010121710.0
008 120829s1997 ua a f b 00010 eara d
017 _a1998 / 17240
020 _a9770160253
040 _aEG-ScBUE
_bara
_erda
_cEG-ScBUE
_dEG-ScBUE
041 1 _aara
_heng
082 0 4 _a909.0974927
_bح و ر
_222
100 1 _aحوراني، ألبرت،
_eمؤلف.
_930891
240 1 0 _aHistory of the Arab peoples.
_lArabic
245 1 0 _aتاريخ الشعوب العربية.
_nالجزء الأول، الثاني، الثالث والرابع /
_cتأليف د. ألبرت حوراني ؛ ترجمة نبيل صلاح الدين ؛ مراجعة د. عبد الرحمن عبد الله الشيخ.
264 1 _aالقاهرة :
_bالهيئة المصرية العامة للكتاب،
_c1997.
300 _a1 مجلد (متعدد الترقيم) :
_bإيضاحيات ؛
_c24 سم
336 _2rdacontent
_aنص
_btxt
337 _2rdamedia
_aبدون وسيط
_bn
338 _2rdacarrier
_aمجلد
_bnc
504 _aيشتمل على إرجاعات ببليوجرافية وكشافات.
546 _aالنص باللغة العربية وتم ترجمته من اللغة الإنجليزية.
650 7 _aالحضارة العربية.
_2BUEsh
_98792
650 7 _aالتاريخ الإسلامي.
_2BUEsh
_98768
651 7 _927862
_aالدول العربية
_xتاريخ.
_2BUEsh
655 _vReading book
700 1 _aصلاح الدين، نبيل،
_eمترجم.
700 1 _aالشيخ، عبد الرحمن عبد الله،
_eمراجع.
942 _cBB
_2ddc
999 _c7681
_d7681